00632 2200241 4500001002100000005001500021020001800036035002400054040001200078082001400090084001400104090001400118100002600132245005400158250001100212260004200223300003700265650001800302700001900320990001700339990001700356990001700373YOGYA00000000010669120140823134742 a979-9492-82-3 0010-061400000000044 aYOPDYOG 2[22]a808 a808 Edi O a808 Edi O aEDI AH IYUBENU, 1977- aOjungc/ Edi AH Iyubenu ; editor, Retno Suffatni. aCet.1. aYogyakartabPustaka Sastra LKiSc2003 axxiv, 194 hlm.c; 18 cm (3 eks.) aCerita Pendek aRetno Suffatni a7582/PD.2014 a7583/PD.2014 a7584/PD.2014